Harry Potter: le Parapluie de Hagrid - Statistiques

Statistiques générales
  • Ce quiz a été pris 61 fois
  • Le résultat moyen est 6 sur 6
Statistiques - réponses
Information Réponses % Correct
Première apparition Harry Potter à l’école des sorciers
98%
Propriétaire Rubeus Hagrid
98%
Utilisation Enfermer la baguette magique de Hagrid
96%
Dernière apparition Harry Potter et les Reliques de la Mort
96%
Couleur Rose
96%
Fabricant (à l’origine) Garrick Ollivander
80%
Aucun quiz correspondant
Distribution des résultats
% des personnes avec chaque résultat
Percentile par nombre de réponses
Votre historique - résultats
Vous n’avez pas pris ce quiz